[Event "Niedersachsen-ch Seniors op 11th"]
[Site "Bad Bevensen"]
[Date "2008.07.12"]
[Round "5"]
[White "Klemt, Herbert"]
[Black "Bremer, Horst"]
[Result "1-0"]
[WhiteElo "1718"]
[BlackElo "1579"]
[PlyCount "61"]
[EventDate "2008.07.08"]
[EventType "swiss"]
[EventRounds "9"]
[EventCountry "GER"]
[SourceTitle "EXT 2022"]
[Source "ChessBase"]
[SourceDate "2021.10.06"]
[SourceVersion "1"]
[SourceVersionDate "2021.10.06"]
[SourceQuality "1"]

1. d4 Nf6 2. f3 d5 3. e4 dxe4 4. Nc3 exf3 5. Nxf3 Bg4 6. h3 Bh5 7. g4 Nxg4 8. hxg4 Bxg4 9. Bc4 e6 10. Qd3 Bf5 11. Ne4 Be7 12. Bd2 a6 13. 0-0-0 Nd7 14. Qe3 Nb6 15. Bb3 Nd5 16. Bxd5 Qxd5 17. Nc3 Qd6 18. Ne4 Qc6 19. Nc3 0-0-0 20. Ne5 Qe8 21. Ne4 f6 22. Nd3 Qa4 23. c3 Qxa2 24. Kc2 Qa4+ 25. Kb1 b6 26. Bc1 e5 27. Rd2 exd4 28. Qf3 Be6 29. b3 Bxb3 30. Ndc5 bxc5 31. Re1 1-0

[Event "Niedersachsen-ch Seniors op 11th"]
[Site "Bad Bevensen"]
[Date "2008.07.11"]
[Round "4"]
[White "Bremer, Horst"]
[Black "Garbe, Eckhard"]
[Result "1-0"]
[WhiteElo "1579"]
[BlackElo "1349"]
[PlyCount "99"]
[EventDate "2008.07.08"]
[EventType "swiss"]
[EventRounds "9"]
[EventCountry "GER"]
[SourceTitle "EXT 2022"]
[Source "ChessBase"]
[SourceDate "2021.10.06"]
[SourceVersion "1"]
[SourceVersionDate "2021.10.06"]
[SourceQuality "1"]

1. e4 d5 2. exd5 Qxd5 3. Nc3 Qa5 4. d4 Nf6 5. Bd2 c6 6. Ne4 Qf5 7. Ng3 Qd5 8. c3 e5 9. dxe5 Qxe5+ 10. Qe2 Qxe2+ 11. N1xe2 Bc5 12. f3 0-0 13. 0-0-0 Be6 14. Kb1 Rd8 15. Nf4 Bd5 16. c4 Be6 17. Nxe6 fxe6 18. Kc2 Na6 19. a3 Nc7 20. Bd3 Rd7 21. h4 Rad8 22. Bg5 Bd4 23. Ne4 Nce8 24. b4 b6 25. Rhe1 e5 26. g4 Rc8 27. Nxf6+ Nxf6 28. Bxf6 gxf6 29. Bf5 Rcc7 30. Bxd7 Rxd7 31. f4 Rg7 32. g5 Kf7 33. Rf1 Kg6 34. fxe5 Bxe5 35. gxf6 Bxf6 36. Rd6 Rf7 37. Rxc6 h5 38. a4 Kg7 39. c5 bxc5 40. bxc5 Bxh4 41. Rxf7+ Kxf7 42. Rh6 Be1 43. Rxh5 Ke6 44. Kb3 a5 45. Kc4 Kd7 46. Kb5 Bb4 47. c6+ Kd6 48. Rh6+ Kc7 49. Rh7+ Kb8 50. Kb6 1-0

[Event "Niedersachsen-ch Seniors op 11th"]
[Site "Bad Bevensen"]
[Date "2008.07.10"]
[Round "3"]
[White "Hayessen, Hinrich"]
[Black "Bremer, Horst"]
[Result "1/2-1/2"]
[WhiteElo "1295"]
[BlackElo "1579"]
[PlyCount "41"]
[EventDate "2008.07.08"]
[EventType "swiss"]
[EventRounds "9"]
[EventCountry "GER"]
[SourceTitle "EXT 2022"]
[Source "ChessBase"]
[SourceDate "2021.10.06"]
[SourceVersion "1"]
[SourceVersionDate "2021.10.06"]
[SourceQuality "1"]

1. e4 Nf6 2. e5 Nd5 3. c4 Nb6 4. d4 Nc6 5. Nc3 d6 6. Nf3 dxe5 7. d5 Nb8 8. Nxe5 e6 9. Qf3 Qf6 10. Bf4 Bb4 11. 0-0-0 Bxc3 12. bxc3 0-0 13. Kb1 N8d7 14. Ng4 Qd8 15. d6 c6 16. h4 Na4 17. Kc2 f6 18. Qe4 Ndc5 19. Qf3 e5 20. Be3 e4 21. Qg3 1/2-1/2